Wirksamkeit des Wirtschaftsrechts Analysen, Probleme, Positionen
Salvato in:
| Natura: | Libro |
|---|---|
| Lingua: | tedesco |
| Pubblicazione: |
Berlin
Staatsverlag der Deutschen Demokratischen Republik
1979
|
| Tags: |
Nessun Tag, puoi essere il primo ad aggiungerne!!
|
MARC
| LEADER | 00000nam a2200000 4500 | ||
|---|---|---|---|
| 001 | 0223986 | ||
| 005 | 20240822101705.3 | ||
| 041 | 0 | |a ger | |
| 044 | |a DE | ||
| 245 | 1 | 0 | |a Wirksamkeit des Wirtschaftsrechts |b Analysen, Probleme, Positionen |
| 264 | 1 | |a Berlin |b Staatsverlag der Deutschen Demokratischen Republik |c 1979 | |
| 300 | |a 317 s. | ||